| 000 | 00650nam a2200193 u 4500 | ||
|---|---|---|---|
| 005 | 20250115160901.0 | ||
| 008 | 180207s2015 r 000 0 eng d | ||
| 020 | _a9786074245684 | ||
| 035 | _aUPN01000222771 | ||
| 049 | _aCG | ||
| 050 | 4 |
_aLA429 CH2 _bT6.2 |
|
| 100 | 1 |
_aTorres Aguilar, Morelos, _d1967- _941223 |
|
| 245 | 1 | 0 |
_aAproximaciones a la historia de la educación en Chiapas : _biniciativas de enseñanza en el siglo XIX / _cMorelos Torres Aguilar. |
| 260 |
_aGuanajuato : _bUniversidad de Guanajuato : _bUNICACH, _c2015. |
||
| 300 | _a177 p. | ||
| 650 | 4 |
_aEducación _zChiapas _xHistoria _926405 |
|
| 905 | _aLibro | ||
| 999 |
_c194868 _d194868 |
||